书目信息 |
| 题名: |
全面建设小康社会开创中国特色社会主义事业新局面
|
|
| 作者: | 江泽民 | |
| 分册: | 2002年11月8日 | |
| 出版信息: | 北京 人民出版社 2002 |
|
| 页数: | 57页 | |
| 开本: | 20cm | |
| 丛书名: | ||
| 单 册: | ||
| 中图分类: | D2-0 , D220 | |
| 科图分类: | ||
| 主题词: | 中共十六大(2002)--报告 | |
| 电子资源: | ||
| ISBN: | 7-01-003810-4 | |
| 000 | 00859nam0 2200217 450 | |
| 001 | 0739280608 | |
| 005 | 20070719084815.07 | |
| 010 | @a7-01-003810-4@dCNY3.20 | |
| 100 | @a20070709d2002 km y0chiy0120 ea | |
| 101 | 0 | @achi |
| 102 | @aCN@b110000 | |
| 200 | 1 | @a全面建设小康社会开创中国特色社会主义事业新局面@Aquan mian jian she xiao kang she hui kai chuang zhong guo te se she hui zhu yi shi ye xin ju mian@e在中国共产党第十六次全国代表大会上的报告@h2002年11月8日@f江泽民@Fjiang ze min |
| 210 | @a北京@c人民出版社@d2002 | |
| 215 | @a57页@d20cm | |
| 517 | 1 | @a在中国共产党第十六次全国代表大会上的报告@Azai zhong guo gong chan dang di shi liu ci quan guo dai biao da hui shang de bao gao |
| 606 | 0 | @a中共十六大(2002)@x报告 |
| 690 | @aD2-0@v3 | |
| 690 | @aD220@v3 | |
| 701 | 0 | @a江泽民@Ajiang ze min |
| 801 | 0 | @aCN@bPFT@c20070719 |
| 905 | @a10447@dD220@e140 | |
| 全面建设小康社会开创中国特色社会主义事业新局面:在中国共产党第十六次全国代表大会上的报告.2002年11月8日/江泽民.-北京:人民出版社,2002 |
| 57页;20cm |
| ISBN 7-01-003810-4:CNY3.20 |
| ● |
| 相关链接 |
|
|
|
|
正题名:全面建设小康社会开创中国特色社会主义事业新局面
索取号:D220/140
 
预约/预借
| 序号 | 登录号 | 条形码 | 馆藏地/架位号 | 状态 | 备注 |
| 1 | 0768659 | 207686592 | 第一样本阅览室/ [索取号:D220/140] | 在馆 | |
| 2 | 0770515 | 207705152 | 密集书库/ [索取号:D220/140] | 在馆 |